Т. 2; Физическая химия

Détails bibliographiques
Parent link:Физическая химия: пер. с англ./ П. Эткинс. Т. 2.— , 1980
Résumé:Книга является монографией учебного характера по физической химии, в которой излагаются практически все важные вопросы этой области химии, начиная с основ термодинамики и кончая квантовой теорией строения молекул и физическими методами его исследования. Имя автора хорошо знакомо советскому читателю по другим его трудам (Спектры ЭПР и строение неорганических радикалов. — М.: Мир, 1970; Кванты. Справочник концепций. — М.: Мир, 1977).В переводе книга разделена на 2 тома. Во 2-м томе рассмотрены экспериментальные методы определения строения молекул (колебательная, вращательная, электронная к резонансная спектроскопия, дифракционные методы), электрические и магнитные свойства молекул, симметрия молекул и кристаллов, статистическая термодинамика. В отдельной части даются сведения о кинетике процессов транспорта вещества, химических и электрохимических реакций и о процессах, на твердых поверхностях. Предназначена для студентов и аспирантов химических и химико-технологических вузов, а также для преподавателей физической химии в качестве пособия при составлении планов лекций и семинаров
Langue:russe
Publié: 1980
Sujets:
Format: Livre
KOHA link:https://koha.lib.tpu.ru/cgi-bin/koha/opac-detail.pl?biblionumber=45775

MARC

LEADER 00000nam2a2200000 4500
001 45775
005 20231101210957.0
035 |a (RuTPU)RU\TPU\book\47680 
090 |a 45775 
100 |a 20021216d1980 k y0rusy50 ca 
101 1 |a rus  |c eng 
102 |a RU 
105 |a a z 001zy 
200 0 |a Т. 2 
210 |d 1980 
215 |a 584 с.  |c ил. 
318 |5 63413507  |a Жизненная соната Стромберга  |b выставка 
320 |a Библиогр. в конце глав. 
320 |a Предм. указ.: с. 575-581. 
330 |a Книга является монографией учебного характера по физической химии, в которой излагаются практически все важные вопросы этой области химии, начиная с основ термодинамики и кончая квантовой теорией строения молекул и физическими методами его исследования. Имя автора хорошо знакомо советскому читателю по другим его трудам (Спектры ЭПР и строение неорганических радикалов. — М.: Мир, 1970; Кванты. Справочник концепций. — М.: Мир, 1977).В переводе книга разделена на 2 тома. Во 2-м томе рассмотрены экспериментальные методы определения строения молекул (колебательная, вращательная, электронная к резонансная спектроскопия, дифракционные методы), электрические и магнитные свойства молекул, симметрия молекул и кристаллов, статистическая термодинамика. В отдельной части даются сведения о кинетике процессов транспорта вещества, химических и электрохимических реакций и о процессах, на твердых поверхностях. Предназначена для студентов и аспирантов химических и химико-технологических вузов, а также для преподавателей физической химии в качестве пособия при составлении планов лекций и семинаров 
461 1 |0 (RuTPU)RU\TPU\book\47666  |t Физическая химия  |o пер. с англ.  |o в 2 т.  |f П. Эткинс  |v Т. 2  |d 1980 
606 1 |a Физическая химия  |2 stltpush  |3 (RuTPU)RU\TPU\subj\67669  |9 83390 
610 1 |a симметрия 
610 1 |a электронная спектроскопия 
610 1 |a молекулы 
610 1 |a структура 
610 1 |a статистическая термодинамика 
610 1 |a газы 
610 1 |a кинетическая теория 
610 1 |a молекулярная диффузия 
610 1 |a химические реакции 
610 1 |a скорость 
610 1 |a динамическая электрохимия 
610 1 |a библиотека А. Г. Стромберга 
675 |a 544  |v 3 
801 1 |a RU  |b 63413507  |c 20021216  |g PSBO 
801 2 |a RU  |b 63413507  |c 20230628  |g PSBO 
942 |c BK